000 00631nam a2200193Ia 4500
003 GCL
008 140319s9999 xx 000 0 ara d
040 _aGCL /
_cGCL
082 0 4 _a843
_bب ج
100 1 _aباربوس، هنرى
245 1 0 _aالجحيم /
_cباربوس، هنرى
260 _aالقاهرة :
_bالهيئة المصرية العامة للكتاب ،
_c1987
300 _a182 ص ؛
_c25 سم
490 _aالالف كتاب الثانى
_v34
650 0 4 _aالادب الفرنسى
650 0 4 _aالقصص الفرنسية
650 0 4 _aالادب الفرنسى المترجم
942 _2ddc
_cBK
999 _c27520
_d27520